[Event "Nassau CC-ch"]
[Site "Mineola"]
[Date "2002.12.16"]
[Round "9"]
[White "Bonin, Jay R"]
[Black "Josenhans, Daniel"]
[Result "1/2-1/2"]
[WhiteElo "2413"]
[BlackElo "2264"]
[PlyCount "25"]
[EventDate "2002.12.10"]
[EventType "swiss"]
[EventRounds "9"]
[EventCountry "USA"]
[SourceTitle "EXT 2004"]
[Source "ChessBase"]
[SourceDate "2003.11.25"]
[SourceVersion "1"]
[SourceVersionDate "2003.11.25"]
[SourceQuality "1"]

1. d4 Nf6 2. c4 g6 3. Nc3 Bg7 4. e4 d6 5. Nf3 0-0 6. Be2 Nbd7 7. e5 dxe5 8. dxe5 Ng4 9. e6 fxe6 10. 0-0 Nde5 11. Nxe5 Nxe5 12. Be3 Nc6 13. c5 1/2-1/2

[Event "Nassau CC-ch"]
[Site "Mineola"]
[Date "2002.11.25"]
[Round "6"]
[White "Novikov, Igor A"]
[Black "Josenhans, Daniel"]
[Result "1-0"]
[WhiteElo "2719"]
[BlackElo "2264"]
[PlyCount "71"]
[EventDate "2002.12.10"]
[EventType "swiss"]
[EventRounds "9"]
[EventCountry "USA"]
[SourceTitle "EXT 2004"]
[Source "ChessBase"]
[SourceDate "2003.11.25"]
[SourceVersion "1"]
[SourceVersionDate "2003.11.25"]
[SourceQuality "1"]

1. d4 Nf6 2. c4 d6 3. Nc3 Bf5 4. f3 e5 5. d5 e4 6. Qd4 exf3 7. gxf3 c5 8. Qf2 Nbd7 9. e4 Bg6 10. Bd2 Be7 11. 0-0-0 a6 12. Nge2 0-0 13. Ng3 b5 14. cxb5 axb5 15. Bxb5 Qb6 16. Qe2 h5 17. f4 h4 18. f5 Bh7 19. Nh5 Nxh5 20. Qxh5 Bf6 21. Bxd7 Rxa2 22. Bb5 Rb8 23. Qe2 Bxc3 24. Bxc3 Qxb5 25. Qxb5 Rxb5 26. Rhg1 g6 27. f6 Ra1+ 28. Kd2 Rxd1+ 29. Kxd1 Rb8 30. Kd2 Re8 31. Ke3 g5 32. Rxg5+ Bg6 33. Rg4 h3 34. e5 dxe5 35. Ba5 Ra8 36. Bc7 1-0

[Event "Nassau CC-ch"]
[Site "Mineola"]
[Date "2002.11.18"]
[Round "5"]
[White "Stenzel, Harold G"]
[Black "Josenhans, Daniel"]
[Result "1/2-1/2"]
[WhiteElo "2039"]
[BlackElo "2264"]
[PlyCount "50"]
[EventDate "2002.12.10"]
[EventType "swiss"]
[EventRounds "9"]
[EventCountry "USA"]
[SourceTitle "EXT 2004"]
[Source "ChessBase"]
[SourceDate "2003.11.25"]
[SourceVersion "1"]
[SourceVersionDate "2003.11.25"]
[SourceQuality "1"]

1. e4 c5 2. Nf3 d6 3. d4 cxd4 4. Nxd4 Nf6 5. Nc3 a6 6. Bg5 Nbd7 7. f4 e6 8. Qf3 Qc7 9. 0-0-0 b5 10. g4 b4 11. Nd5 Nxd5 12. exd5 Bb7 13. Re1 Nb6 14. Bg2 Bxd5 15. Qe2 Qd7 16. f5 e5 17. f6 g6 18. Bd2 a5 19. h4 Qb7 20. Qb5+ Qd7 21. Bxd5 Qxb5 22. Nxb5 Nxd5 23. c4 bxc3 24. bxc3 Kd7 25. g5 h6 1/2-1/2

[Event "Nassau CC-ch"]
[Site "Mineola"]
[Date "2002.11.04"]
[Round "3"]
[White "Chipkin, Leonard B"]
[Black "Josenhans, Daniel"]
[Result "1/2-1/2"]
[WhiteElo "2023"]
[BlackElo "2264"]
[PlyCount "73"]
[EventDate "2002.12.10"]
[EventType "swiss"]
[EventRounds "9"]
[EventCountry "USA"]
[SourceTitle "EXT 2004"]
[Source "ChessBase"]
[SourceDate "2003.11.25"]
[SourceVersion "1"]
[SourceVersionDate "2003.11.25"]
[SourceQuality "1"]

1. e4 c5 2. b4 cxb4 3. c4 e5 4. Nf3 Bc5 5. Bb2 d6 6. d4 exd4 7. Nxd4 Nf6 8. Qc2 0-0 9. Bd3 a5 10. 0-0 a4 11. Nf3 Nc6 12. Nbd2 a3 13. Bxf6 Qxf6 14. e5 Nxe5 15. Nxe5 dxe5 16. Bxh7+ Kh8 17. Ne4 Qe7 18. Nxc5 Qxc5 19. Be4 Be6 20. Qe2 g6 21. Bd5 Bxd5 22. Qxe5+ f6 23. Qxd5 Qxd5 24. cxd5 Ra5 25. Rfd1 Rd8 26. d6 Kg8 27. g3 Kf7 28. Rab1 Rb5 29. Rd3 Ke6 30. Rxa3 Rxd6 31. Rab3 Ra5 32. Rxb4 Rxa2 33. Re1+ Kf5 34. Rb5+ Kg4 35. Re4+ Kf3 36. Re3+ Kg4 37. Re4+ 1/2-1/2

[Event "Nassau CC-ch"]
[Site "Long Island"]
[Date "1998.??.??"]
[Round "?"]
[White "Zardus, David L"]
[Black "Josenhans, Daniel"]
[Result "1-0"]
[WhiteElo "2010"]
[BlackElo "2270"]
[PlyCount "45"]
[EventDate "1998.??.??"]
[EventType "swiss"]
[EventRounds "10"]
[EventCountry "USA"]
[SourceTitle "EXT 2002"]
[Source "ChessBase"]
[SourceDate "2001.11.25"]
[SourceVersion "1"]
[SourceVersionDate "2001.11.25"]
[SourceQuality "1"]

1. Nf3 Nf6 2. g3 g6 3. Bg2 Bg7 4. d3 d5 5. Nbd2 Nc6 6. 0-0 e5 7. e4 0-0 8. c3 h6 9. Qb3 dxe4 10. dxe4 Qe7 11. Nh4 Kh7 12. Qc4 a5 13. a4 Rd8 14. b3 Be6 15. Qb5 Ra6 16. Nc4 Na7 17. Qxb7 Bc8 18. Ba3 Qd7 19. Qb8 Ne8 20. Rad1 Qxd1 21. Rxd1 Rxd1+ 22. Bf1 Bh3 23. Ne3 1-0

[Event "Andorra op 15th"]
[Site "Andorra"]
[Date "1997.??.??"]
[Round "4"]
[White "Magem Badals, Jordi"]
[Black "Josenhans, Daniel"]
[Result "1-0"]
[WhiteElo "2570"]
[BlackElo "2160"]
[PlyCount "77"]
[EventDate "1997.07.??"]
[EventType "swiss"]
[EventRounds "9"]
[EventCountry "AND"]
[SourceTitle "CBM 058 Extra"]
[Source "ChessBase"]
[SourceDate "1997.07.29"]
[SourceVersion "1"]
[SourceVersionDate "1997.07.29"]
[SourceQuality "1"]

1. e4 e5 2. Nf3 Nf6 3. d4 Nxe4 4. Bd3 Nc6 5. d5 Nc5 6. dxc6 e4 7. cxb7 Bxb7 8. Be2 exf3 9. Bxf3 Bxf3 10. Qxf3 Bd6 11. 0-0 0-0 12. Nc3 c6 13. Bf4 Bxf4 14. Qxf4 d5 15. Rfe1 Ne6 16. Qd2 Qb6 17. b3 Qd4 18. Rad1 Qxd2 19. Rxd2 Rfe8 20. Kf1 Kf8 21. Ne2 a5 22. Nc3 Nc5 23. f3 Rab8 24. Rd4 Rb4 25. Red1 Ne6 26. R4d2 Rb7 27. Na4 Rb4 28. c3 Rbb8 29. Rc2 Red8 30. Rdc1 c5 31. c4 d4 32. Re1 Rd6 33. Re5 Rc8 34. g3 f6 35. Rd5 Rdc6 36. f4 Nd8 37. Re2 Nf7 38. Rd7 Nd6 39. Nxc5 1-0

[Event "Nassau Masters 5th"]
[Site "Long Island"]
[Date "1995.??.??"]
[Round "2"]
[White "Josenhans, Daniel"]
[Black "Mirabile, Tim"]
[Result "1-0"]
[WhiteElo "2245"]
[BlackElo "2230"]
[PlyCount "103"]
[EventDate "1995.??.??"]
[EventType "tourn"]
[EventRounds "20"]
[EventCountry "USA"]
[EventCategory "2"]
[SourceTitle "EXT 2002"]
[Source "ChessBase"]
[SourceDate "2001.11.25"]
[SourceVersion "1"]
[SourceVersionDate "2001.11.25"]
[SourceQuality "1"]

1. Nf3 c5 2. g3 b6 3. Bg2 Bb7 4. d3 Nf6 5. e4 d6 6. 0-0 e6 7. e5 dxe5 8. Nxe5 Bxg2 9. Kxg2 Qd5+ 10. Qf3 Bd6 11. Nc4 Bc7 12. b3 0-0 13. Bb2 Nbd7 14. a4 a6 15. Nbd2 Qxf3+ 16. Nxf3 Nd5 17. Rfe1 Rfe8 18. d4 Nb4 19. Re2 cxd4 20. Nxd4 e5 21. Nf5 g6 22. Nh6+ Kg7 23. Ng4 f6 24. Ba3 Nc6 25. Rd2 Rad8 26. Rad1 Nf8 27. Bd6 Bxd6 28. Rxd6 b5 29. Nxf6 Re6 30. Rxd8 Nxd8 31. axb5 axb5 32. Na3 Nc6 33. Ne4 Nd4 34. c3 Ra6 35. cxd4 Rxa3 36. dxe5 Rxb3 37. Rd6 Kf7 38. Rb6 b4 39. Rb7+ Ke8 40. Nd6+ Kd8 41. Rb8+ Ke7 42. Re8+ Kd7 43. Rxf8 Rc3 44. f4 b3 45. Rb8 Rc2+ 46. Kf3 b2 47. h4 Ke6 48. g4 Kd5 49. Rb5+ Kc6 50. Rb4 Kc5 51. Rb8 Kd4 52. Ne4 1-0

[Event "Freeport-ch g/15'"]
[Site "Freeport"]
[Date "1992.05.21"]
[Round "1"]
[White "Josenhans, Daniel"]
[Black "Alexopoulos, Georgios"]
[Result "0-1"]
[WhiteElo "2315"]
[BlackElo "2235"]
[PlyCount "42"]
[EventDate "1992.05.21"]
[EventType "swiss (rapid)"]
[EventRounds "5"]
[EventCountry "USA"]
[SourceTitle "EXT 2006"]
[Source "ChessBase"]
[SourceDate "2005.11.24"]
[SourceVersion "1"]
[SourceVersionDate "2005.11.24"]
[SourceQuality "1"]

1. d4 Nf6 2. c4 c5 3. d5 e6 4. Nc3 exd5 5. cxd5 d6 6. e4 g6 7. f3 Bg7 8. Be3 0-0 9. Qd2 Na6 10. 0-0-0 Nc7 11. g4 b5 12. h4 b4 13. Nce2 Nb5 14. h5 Qa5 15. Kb1 Rb8 16. Ka1 Nc3 17. Nxc3 bxc3 18. Qxc3 Qxc3 19. bxc3 Nxg4 20. Rd3 Ba6 21. fxg4 Bxd3 0-1

[Event "Nassau CC-ch"]
[Site "Long Island"]
[Date "1992.??.??"]
[Round "9"]
[White "Josenhans, Daniel"]
[Black "Chipkin, Leonard B"]
[Result "1-0"]
[WhiteElo "2265"]
[BlackElo "2235"]
[PlyCount "73"]
[EventDate "1992.??.??"]
[EventType "swiss"]
[EventRounds "10"]
[EventCountry "USA"]
[SourceTitle "EXT 1997"]
[Source "ChessBase"]
[SourceDate "1996.11.15"]
[SourceVersion "1"]
[SourceVersionDate "1996.11.15"]
[SourceQuality "1"]

1. e4 e6 2. d4 d5 3. Nd2 a6 4. Ngf3 c5 5. exd5 exd5 6. dxc5 Bxc5 7. Nb3 Bd6 8. c3 Ne7 9. Bd3 0-0 10. Qc2 Ng6 11. Be3 Nc6 12. 0-0-0 Bg4 13. h3 Bxf3 14. gxf3 Rc8 15. Bf5 Nb4 16. Qd2 Rc7 17. Bxg6 fxg6 18. Kb1 d4 19. Qxd4 Qc8 20. cxb4 Be7 21. Qe4 Bf6 22. Rc1 Qd8 23. Qe6+ Kh8 24. Rcd1 Qa8 25. h4 Re8 26. Qg4 b5 27. h5 Rc4 28. Qh3 Rh4 29. Qg3 Rxh1 30. Rxh1 Qd5 31. hxg6 Qd3+ 32. Ka1 Qe2 33. Rxh7+ Kg8 34. Rh8+ Kxh8 35. Qh3+ Kg8 36. Qh7+ Kf8 37. Bc5+ 1-0

[Event "Nassau Masters"]
[Site "Long Island"]
[Date "1992.??.??"]
[Round "9"]
[White "Josenhans, Daniel"]
[Black "Ritter, Mark"]
[Result "0-1"]
[WhiteElo "2265"]
[BlackElo "2375"]
[PlyCount "87"]
[EventDate "1992.??.??"]
[EventType "tourn"]
[EventRounds "10"]
[EventCountry "USA"]
[EventCategory "3"]
[SourceTitle "EXT 1997"]
[Source "ChessBase"]
[SourceDate "1996.11.15"]
[SourceVersion "1"]
[SourceVersionDate "1996.11.15"]
[SourceQuality "1"]

1. c4 e5 2. Nc3 Nf6 3. g3 d6 4. Bg2 c6 5. e4 Be7 6. d4 Nbd7 7. Nge2 0-0 8. 0-0 Re8 9. h3 Qc7 10. Rb1 a6 11. a4 a5 12. b3 exd4 13. Nxd4 Nc5 14. Re1 Bf8 15. Bf4 Nfd7 16. Qc2 Ne5 17. Rbd1 Bd7 18. Bc1 Rad8 19. Kh2 Ng6 20. f4 h5 21. f5 Ne5 22. Bg5 f6 23. Bc1 h4 24. Re3 Nf7 25. Nce2 Ng5 26. Kh1 hxg3 27. h4 Nf7 28. Rxg3 Re7 29. Nf4 Ne5 30. Qe2 Qc8 31. Qh5 Be8 32. Ng6 Bd7 33. Qh8+ Kf7 34. Nxf8 Rxf8 35. Rxg7+ Ke8 36. Rg8 Ref7 37. Bh6 Rxg8 38. Qxg8+ Ke7 39. Qg3 Qh8 40. Be3 Rg7 41. Qh3 Rg4 42. Bf2 Nxe4 43. Bxe4 Rxe4 44. Rg1 0-1

[Event "Philadelphia opI"]
[Site "Philadelphia"]
[Date "1992.??.??"]
[Round "9"]
[White "Olesen, Martin"]
[Black "Josenhans, Daniel"]
[Result "1-0"]
[WhiteElo "2380"]
[BlackElo "2315"]
[PlyCount "98"]
[EventDate "1992.??.??"]
[EventType "swiss"]
[EventRounds "9"]
[EventCountry "USA"]
[SourceTitle "TD"]
[Source "ChessBase"]
[SourceDate "1994.03.01"]
[SourceVersion "1"]
[SourceVersionDate "1994.03.01"]
[SourceQuality "1"]

1. d4 Nf6 2. Nf3 g6 3. c4 Bg7 4. Nc3 d5 5. cxd5 Nxd5 6. e4 Nxc3 7. bxc3 0-0 8. Be3 c5 9. Qd2 Qa5 10. Rc1 e6 11. Bh6 cxd4 12. Bxg7 Kxg7 13. cxd4 Qxd2+ 14. Kxd2 Nc6 15. Bb5 Bd7 16. Ke3 Rfd8 17. Bxc6 Bxc6 18. Ne5 Rac8 19. Nxc6 bxc6 20. Rc4 Rc7 21. Rhc1 Rdc8 22. Rc5 Kf6 23. d5 exd5 24. exd5 Ke5 25. Rxc6 Rxc6 26. Rxc6 Re8 27. Kf3 Re7 28. d6 Rd7 29. Ra6 h5 30. h4 f6 31. g3 Rxd6 32. Rxa7 Rd2 33. a4 Ra2 34. a5 Ra3+ 35. Kg2 Ra2 36. a6 Ra3 37. Ra8 Kf5 38. a7 Ra2 39. Kf3 Ra1 40. Ke3 Ra2 41. f3 Ra3+ 42. Kd4 Ra1 43. Kd5 Rd1+ 44. Kc6 Ra1 45. Kd6 Rd1+ 46. Ke7 Ra1 47. Kf7 Ra3 48. Kg7 Ra4 49. Kh6 Ra3 1-0

[Event "Nassau CC-ch"]
[Site "Long Island"]
[Date "1991.??.??"]
[Round "5"]
[White "Josenhans, Daniel"]
[Black "Goregliad, Sergei"]
[Result "1-0"]
[WhiteElo "2285"]
[BlackElo "2260"]
[PlyCount "78"]
[EventDate "1991.??.??"]
[EventType "swiss"]
[EventRounds "9"]
[EventCountry "USA"]
[SourceTitle "EXT 2002"]
[Source "ChessBase"]
[SourceDate "2001.11.25"]
[SourceVersion "1"]
[SourceVersionDate "2001.11.25"]
[SourceQuality "1"]

1. e4 c5 2. Nf3 e6 3. d4 cxd4 4. Nxd4 Nf6 5. Nc3 d6 6. Be3 a6 7. f3 b5 8. g4 h6 9. h4 Bb7 10. Rg1 b4 11. Nce2 d5 12. g5 Nfd7 13. exd5 Bxd5 14. Nf4 Bb7 15. Qe2 hxg5 16. hxg5 e5 17. 0-0-0 g6 18. Nb3 Qc7 19. Nd5 Bxd5 20. Rxd5 Bg7 21. f4 0-0 22. Rh1 Rc8 23. Bh3 exf4 24. Bd4 f3 25. Qd2 Bxd4 26. Rxd4 Qg3 27. Bxd7 Nxd7 28. Rxd7 f2 29. Rf1 Qg2 30. Qxf2 Rxc2+ 31. Qxc2 Qxf1+ 32. Rd1 Qf4+ 33. Qd2 Qf5 34. Nd4 Rc8+ 35. Nc2 a5 36. b3 a4 37. bxa4 b3 38. axb3 Qe5 39. Kb1 Qb8 1-0